Logo BPK

Biblioteka

Politechniki Koszalińskiej

Kodeks pracy : (Rekord nr 35394)

Szczegóły MARC
000 -ETYKIETA REKORDU
podpole kontrolne o stałej długości 00598nam a2200193 i 4500
001 - NUMER KONTROLNY REKORDU
pole kontrolne bg
020 ## - MIĘDZYNARODOWY ZNORMALIZOWANY NUMER KSIĄŻKI - ISBN
ISBN 83881113224
040 ## - ŹRÓDŁO KATALOGOWANIA
Instytucja, która utworzyła rekord BPK
041 0# - KOD JĘZYKA
Kod języka tekstu pol
080 ## - UNIWERSALNA KLASYFIKACJA DZIESIĘTNA - UKD
UKD 349.2(438)(094.4.07)
920 ## - Międzynarodowy znormalizowany numer książki – ISBN
ISBN 83-881113-22-4
008 - POLE O STAŁEJ DŁUGOŚCI - DANE KONTROLNE
podpole kontrolne o stałej długości s pl f |000 0 pol
245 00 - TYTUŁ/ODPOWIEDZIALNOŚĆ
Tytuł Kodeks pracy :
Ciąg dalszy tytułu ustawa z dnia 26 czerwca 1974 roku, tekst ujednolicony po zmianie z dnia 21 grudnia 2001 roku.
250 ## - STREFA WYDANIA
Oznaczenie wydania Stan prawny na dzień 13 stycznia 2002 r.
260 ## - STREFA ADRESU WYDAWNICZEGO
Miejsce wydania Skierniewice :
Nazwa wydawcy/dystrybutora "Framax",
Data publikacji, dystrybucji/powstania dokumentu 2002.
300 ## - STREFA OPISU FIZYCZNEGO
Objętość 180 s. ;
Rozmiary 21 cm.
650 #9 - HASŁO PRZEDMIOTOWE W FORMIE NAZWY OGÓLNEJ LUB JEDNOSTKOWEJ
Nazwa ogólna lub geograficzna Prawo pracy
Określnik geograficzny Polska
Określnik chronologiczny stan na 2002 r.
856 ## - LOKALIZACJA I DOSTĘP DO ELEKTRONICZNYCH DOKUMENTÓW ZDALNYCH
Link (URL) http://koha.tu.koszalin.pl/cgi-bin/koha/opac-detail.pl?biblionumber=35394
Tekst linku Katalog online BPK
942 ## - DODATKOWE ELEMENTY (KOHA)
Typ dokumentu Książka
Egzemplarze
Wycofany Status egzemplarza Uszkodzony Dostępność Lokalizacja stała Lokalizacja bieżąca Miejsce przechowywania Sygnatura Kod kreskowy Typ dokumentu
      Dostępny Biblioteka Politechniki Koszalińskiej Biblioteka Politechniki Koszalińskiej Wypożyczalnia BG S 110 01919981 Książka
© 2023 Biblioteka Politechniki Koszalińskiej :: KOHA